German to English Country Names - Statistics

General Stats
  • This quiz has been taken 31,725 times
    31,472 since last reset
  • The average score is 17 of 21
Answer Stats
German English % Correct
Deutschland Germany
99%
Polen Poland
97%
Frankreich France
96%
Kolumbien Colombia
94%
Kenia Kenya
91%
Schweiz Switzerland
91%
Ägypten Egypt
90%
Kambodscha Cambodia
89%
Kamerun Cameroon
89%
Österreich Austria
88%
Island Iceland
87%
Jemen Yemen
87%
Vereinigte Staaten United States
86%
Neuseeland New Zealand
76%
Griechenland Greece
66%
Tschechien Czech Republic
62%
Fidschi Fiji
62%
Zypern Cyprus
59%
Estland Estonia
59%
Ungarn Hungary
57%
Elfenbeinküste Ivory Coast
35%
No matching quizzes found
Score Distribution
Percent of People with Each Score
Percentile by Number Answered
Your Score History
You have not taken this quiz since the last reset